Name the Longest Roller Coasters in the World - Statistics

General Stats
  • This quiz has been taken 27 times
  • The average score is 5 of 12
Answer Stats
Hint Answer % Correct
8,133.2 ft Steel Dragon 2000
86%
7,361.0 ft Beast
73%
6,602.0 ft Fury 325
59%
6,595.0 ft Millennium Force
55%
5,740.0 ft Steel Vengeance
55%
6,804.5 ft Formula Rossa
45%
6,708.7 ft Fujiyama
36%
6,442.0 ft Voyage
36%
6,072.0 ft Incredicoaster
32%
5,600.0 ft Mamba
18%
5,600.0 ft Steel Force
14%
5,843.0 ft Desperado
9%
No matching quizzes found
Score Distribution
Percent of People with Each Score
Percentile by Number Answered
Your Score History
You have not taken this quiz